Umiestňovanie technických rezerv a ich využitie pri poistení rizika diplomová práca

Salvato in:
Dettagli Bibliografici
Autore principale: Beláňová, Anna
Ente Autore: Fakulta hospodárskej informatiky EU. Katedra matematiky
Altri autori: Gogola, Ján, 1977-
Natura: Libro
Lingua:slovacco
Pubblicazione: Bratislava 2009
Tags: Aggiungi Tag
Nessun Tag, puoi essere il primo ad aggiungerne!!

MARC

LEADER 00000nam$a2200000$$$4500
001 0095862
005 20240318135750.8
041 0 |a slo 
044 |a SK 
245 1 0 |a Umiestňovanie technických rezerv a ich využitie pri poistení rizika  |b diplomová práca  |c Anna Beláňová ; škol. Ján Gogola 
264 1 |a Bratislava  |c 2009 
300 |a 74 s. 
100 1 |a Beláňová, Anna 
700 1 |a Gogola, Ján, 1977- 
710 2 |a Fakulta hospodárskej informatiky EU. Katedra matematiky